| 000 | 00361nam a2200157Ia 4500 | ||
|---|---|---|---|
| 008 | 100122s9999 xx 000 0 und d | ||
| 082 |
_b69176 _a220 |
||
| 100 | _aANDERSON JEFF | ||
| 245 | _aGRAPHIC BIBLE | ||
| 260 |
_bLION PUBLISHING _c2003 |
||
| 300 | _a255 | ||
| 630 | _aGRAPHIC BIBLE | ||
| 700 | _aMADDOX M | ||
| 730 | _aGRAPHIC BIBLE | ||
| 942 | _cBOOK | ||
| 999 |
_c381579 _d381576 |
||